| 000 | 00767nam a2200253 a 4500 | ||
|---|---|---|---|
| 008 | |||
| 020 | _a1903300576 (pbk.) | ||
| 049 | _aMAIN | ||
| 090 |
_aLB1585 _bPRI |
||
| 245 | 1 | 0 |
_aPrimary science : _bknowledge and understanding / _cRob Johnsey... [et.al.] |
| 250 | _a2nd ed. | ||
| 260 |
_aExeter : _bLearning Matters, _c2002. |
||
| 300 |
_a224 p. : _bill. ; _c25 cm. |
||
| 440 | _aAchieving QTS. | ||
| 500 | _aIncludes index. | ||
| 504 | _aIncludes bibliographical references. | ||
| 650 | 1 |
_aScience _xStudy and teaching (Elementary) _zGreat Britain. |
|
| 700 | _aJohnsey, Rob. | ||
| 907 |
_a.b10270310 _b15-01-10 _c22-10-09 |
||
| 003 | |||
| 005 | 20230123124959.0 | ||
| 040 | _cNUST | ||
| 942 |
_cBOOKS _kLB1585 _mPRI |
||
| 999 |
_c133602 _d133602 |
||